00333nam a2200121Ia 4500008004100000020001800041082001800059100001800077245006500095250001600160260002600176300000900202210430s9999 xx 000 0 und d a0-7506-4790-6 a672.2 C1721 C aJohn Campbell aCastings: The new metallurgy of cast metals /cJohn Campbell a2nd edition aNepalbElsevierc2005 a335p